[Event "URU-ch Semi Final 2020"]
[Site "Montevideo"]
[Date "2020.02.22"]
[Round "3.16"]
[White "Rey, Fernando"]
[Black "Soto, Nicolas"]
[Result "1/2-1/2"]
[WhiteElo "1640"]
[BlackElo "2002"]
[Annotator "TA"]
[PlyCount "104"]
[EventDate "2020.02.22"]
[EventType "swiss"]
[EventCountry "URU"]
[SourceTitle "playchess.com"]
[Source "ChessBase"]
[SourceQuality "1"]

{[%evp 24,104,23,22,45,32,52,18,29,31,43,40,51,50,69,36,55,36,27,21,55,52,75,35,33,29,29,-2,37,33,80,11,50,0,102,48,62,0,48,48,68,23,71,0,111,0,0,0,0,15,46,34,80,0,1,-476,110,66,81,69,66,78,72,81,62,64,62,73,77,0,0,0,0,0,0,-8,0,0,0,0,0,0,0]} 1. e4 e6 2. d4 d5 3. Nd2 Nf6 4. e5 Nfd7 5. Bd3 c5 6. c3 Nc6 7. Ne2 cxd4 8. cxd4 f6 9. exf6 Nxf6 10. Nf3 Bd6 11. O-O Qc7 12. Bg5 O-O 13. Bh4 a6 {C06: French Tarrasch: 3...Nf6 4 e5 Nfd7 5 Bd3 main lines.} 14. Bg3 Bxg3 15. Nxg3 g6 16. Rc1 Qg7 17. Re1 Ng4 18. Bb1 Bd7 19. h3 Nh6 20. Ne5 Nxe5 21. dxe5 {[#]} Bc6 $146 ({Predecessor:} 21... Rac8 22. Rxc8 Rxc8 23. Re3 Nf7 24. Nh5 gxh5 25. Rg3 Ng5 26. h4 Be8 27. Rxg5 Bg6 {1-0 (47) Karayev,K (2310)-Khazhomia,S (2154) Batumi 2016}) 22. Qd4 Rf7 23. Rcd1 Raf8 24. Rd2 Rf4 25. Qc5 Qf7 26. Bd3 Kg7 27. Ree2 (27. f3 $16) 27... Rc8 28. Re1 Qd7 (28... Rf8 $11 {remains equal.}) 29. Qe3 (29. Ne2 $16 Rff8 30. Nd4) 29... Rcf8 $14 30. Qc5 (30. f3 $14) 30... Ng8 31. Rc2 Ne7 32. Rec1 Qe8 33. Re1 (33. f3 $16) 33... h5 (33... Qd7 $11) 34. Ree2 ({White should play} 34. Ne2 $16) 34... h4 35. Nf1 Qf7 36. Nh2 Nf5 37. Bxf5 Qxf5 38. Ng4 (38. f3 $1 $16) 38... d4 $11 39. Rcd2 $2 {[%mdl 8192] [#]} (39. Qe7+ $11 Qf7 40. Qxf7+ (40. Qxh4 d3 $11 {[%mdl 64] Double Attack}) 40... Kxf7 41. Red2) 39... Re4 $2 ({Inferior is} 39... Qb1+ 40. Kh2 $11) (39... Bxg2 $1 $19 {[%mdl 512]} 40. Qc2 (40. Kxg2 Rxg4+ 41. Kf1 Qf3 42. Qe7+ Rf7 43. Qxf7+ Kxf7 44. Re1 d3 45. Rxd3 Qxd3+ 46. Re2 Rc4 47. Kg1 Qxe2 {[%mdl 64] Double Attack} 48. a3 Rf4 49. Kh2 Rxf2+ 50. Kh1 Rf1#) 40... Bf3 $1 {[%mdl 512]} 41. Qxf5 exf5) 40. Qe7+ Rf7 41. Qxh4 Rxe2 $1 42. Rxe2 {Threatens to win with Qh6+.} Qb1+ 43. Kh2 {Threatening mate with Qh6+.} Qf1 {[%csl Gc6][%cal Rf1g2]} 44. Qh6+ Kg8 {[%csl Gc6][%cal Rf1g2]} 45. Qxg6+ {[%mdl 64] Double Attack} Kf8 {[%csl Gc6][%cal Rf1g2] [#]} 46. Nh6 (46. Qh6+ $1 $16 Rg7 47. Qf6+ Ke8 48. f3 (48. Qxe6+ Kd8 $11) 48... Rxg4 49. Qxe6+ (49. hxg4 Qxe2 50. Qxe6+ Kf8 $11) 49... Kf8 50. Qd6+ (50. fxg4 Qxe2 51. Qf5+ Kg8 $11) 50... Kg7 51. hxg4 Qxe2 52. Qxd4) 46... Rxf2 {The position is equal.} 47. Rxf2+ Qxf2 48. Qg8+ Ke7 {And now ...Qf4+ would win.} 49. Qg7+ Ke8 50. Ng8 {[%csl Gg8][%cal Rg7e7]} Qf4+ 51. Kg1 {[%csl Gg8][%cal Rg7e7]} Qc1+ 52. Kh2 {[%csl Gg8][%cal Rg7e7]} Qf4+ {And White is the lucky defender. Accuracy: White = 57%, Black = 63%.} 1/2-1/2

[Event "URU-ch Semi Final 2020"]
[Site "Montevideo"]
[Date "2020.02.22"]
[Round "3.17"]
[White "Avedisian, Alexander"]
[Black "Svarcas, Anibal"]
[Result "1-0"]
[WhiteElo "1892"]
[BlackElo "1672"]
[Annotator "NA RC"]
[PlyCount "67"]
[EventDate "2020.02.22"]
[EventType "swiss"]
[EventCountry "URU"]
[SourceTitle "playchess.com"]
[Source "ChessBase"]
[SourceQuality "1"]
[TimeControl "5400+30"]

{[%evp 17,66,133,362,362,512,331,439,471,489,291,287,243,248,203,222,224,212,236,220,222,258,287,258,261,460,492,490,486,32767,362,860,891,841,892,835,937,910,937,1038,863,1616,936,944,1008,29992,843,29993,29994,29994,29993,29993]} 1. g3 {[%emt 0:04:43]} d5 {[%emt 0:02:05]} 2. Nf3 {[%emt 0:00:08]} Nf6 {[%emt 0:00:13]} 3. Bg2 {[%emt 0:00:10]} Nc6 {[%emt 0:00:45]} 4. O-O {[%emt 0:00:23]} e5 {[%emt 0:00:13]} 5. d4 {[%emt 0:00:09]} e4 {[%emt 0:00:29]} 6. Ne5 {[%emt 0:00:06] A07: Réti Opening: New York and Capablanca Systems.} Nxe5 {[%emt 0:00:53]} 7. dxe5 {[%emt 0:00:10] [#]} Nd7 $146 {[%emt 0:00:13]} ({Predecessor:} 7... Ng4 8. Bxe4 dxe4 9. Qxd8+ Kxd8 10. Bg5+ Be7 11. Rd1+ Ke8 12. Bxe7 Kxe7 13. Nc3 c6 {0-1 (62) Steindl,H (1215)-Weber,A (1801) Nuremberg 2015}) 8. Qxd5 {[%emt 0:00:27]} Qe7 {[%emt 0:01:19]} 9. Nc3 {[%emt 0:04:27]} Qxe5 $2 {[%emt 0:00:34]} (9... c6 10. Qxe4 Qxe5) 10. Bf4 {[%emt 0:01:09]} ({Not} 10. Qxe4 Qxe4 11. Nxe4 (11. Bxe4 c6 $16) 11... Nc5 $16) (10. Bxe4 c6 $16) 10... Qe7 {[%emt 0:01:32]} (10... Qxd5 {was necessary.} 11. Nxd5 g5 12. Nxc7+ Kd8 13. Nxa8 gxf4) 11. Bxc7 {[%emt 0:08:07]} Nf6 {[%emt 0:00:14]} 12. Qb5+ {[%emt 0:01:40]} Qd7 {[%emt 0:00:35]} 13. Qe5+ {[%emt 0:03:57]} Be7 {[%emt 0:00:21]} 14. Rad1 {[%emt 0:00:31]} Qe6 {[%emt 0:00:30]} 15. Qb5+ {[%emt 0:02:42]} ({Resist} 15. Bxe4 $6 Qxe5 16. Bxe5 Nxe4) 15... Bd7 {[%emt 0:00:41]} 16. Qxb7 {[%emt 0:03:06]} Bc6 {[%emt 0:00:11]} 17. Qa6 {[%emt 0:10:03]} O-O {[%emt 0:00:23]} 18. Bd6 {[%emt 0:06:15]} Bd7 {[%emt 0:01:53]} 19. Qa3 {[%emt 0:01:42]} Rfe8 {[%emt 0:00:42]} 20. Bxe7 {[%emt 0:02:43]} Rxe7 $2 {[%emt 0:00:14]} (20... Qxe7 {was necessary.} 21. Qxe7 Rxe7) 21. Rd6 {[%emt 0:01:48]} Qe5 {[%emt 0:01:24]} 22. Rfd1 {[%emt 0:01:10]} Bf5 {[%emt 0:00:54]} 23. Nd5 {[%emt 0:02:36]} Ree8 $2 {[%emt 0:02:16]} (23... Re6 24. Nxf6+ Qxf6 25. Qxa7 Rc8) 24. Nxf6+ {[%emt 0:02:31]} gxf6 {[%emt 0:00:14]} 25. R1d5 {[%emt 0:00:28]} Qe7 {[%emt 0:00:32]} 26. Rxf5 {[%emt 0:00:19]} Rac8 {[%emt 0:00:29]} 27. c3 {[%emt 0:03:24]} e3 {[%emt 0:00:18]} 28. Rdxf6 {[%emt 0:02:44]} Qd7 {[%emt 0:00:49]} 29. Qd6 {[%emt 0:02:43]} exf2+ {[%emt 0:01:08]} 30. Kxf2 {[%emt 0:04:00]} Qa4 {[%emt 0:00:43]} 31. Rg5+ {[%emt 0:06:11]} Kh8 {[%emt 0:00:13]} 32. Rxf7 {[%emt 0:03:06]} Rxe2+ {[%emt 0:00:36]} 33. Kxe2 {[%emt 0:00:41]} Qc2+ {[%emt 0:02:57]} 34. Kf3 {[%emt 0:01:45]} 1-0

[Event "URU-ch Semi Final 2020"]
[Site "Montevideo"]
[Date "2020.02.22"]
[Round "3.18"]
[White "De los Reyes, Mauro"]
[Black "Amaral, Francisco"]
[Result "1/2-1/2"]
[WhiteElo "1815"]
[BlackElo "1567"]
[Annotator "NA RC"]
[PlyCount "53"]
[EventDate "2020.02.22"]
[EventType "swiss"]
[EventCountry "URU"]
[SourceTitle "playchess.com"]
[Source "ChessBase"]
[SourceQuality "1"]
[TimeControl "5400+30"]

{[%evp 16,40,54,32767,40,33,42,43,41,47,51,40,62,52,62,63,51,13,14,17,5,9,16,12,13,0,14]} 1. e4 {[%emt 0:00:00]} d6 {[%emt 0:00:58]} 2. d4 {[%emt 0:00:20]} Nf6 {[%emt 0:00:07]} 3. Bd3 {[%emt 0:01:19]} c6 {[%emt 0:03:05]} 4. h3 {[%emt 0:00:24]} e5 {[%emt 0:00:40]} 5. c3 {[%emt 0:00:23]} Be7 {[%emt 0:01:09]} 6. Nf3 {[%emt 0:00:07]} Qc7 {[%emt 0:00:30]} 7. O-O {[%emt 0:00:07]} O-O {B07: Pirc Defence: Miscellaneous Systems.} 8. Nbd2 {[%emt 0:01:12]} Nbd7 {[%emt 0:00:58]} 9. Re1 {[%emt 0:01:51]} a5 {[%emt 0:02:32]} 10. a4 {[%emt 0:01:02]} Re8 {[%emt 0:00:46]} 11. Nf1 {[%emt 0:01:01]} Bf8 {[%emt 0:00:26]} 12. Ng3 {[%emt 0:00:31]} g6 {[%emt 0:00:07]} 13. Be3 {[%emt 0:02:32]} Bg7 {[%emt 0:05:34]} 14. Qd2 {[%emt 0:00:19]} Nf8 {[%emt 0:03:55] [#]} 15. Bh6 $146 {[%emt 0:04:29]} ({Predecessor:} 15. Rad1 Ne6 16. Bc2 Bd7 17. dxe5 dxe5 18. Qd6 Qxd6 19. Rxd6 Nf8 20. Red1 Bc8 21. Bb3 {½-½ (52) Pakleza,Z (2495)-Panchanathan,M (2486) Badalona 2008}) 15... Ne6 {[%emt 0:04:34]} 16. Bxg7 {[%emt 0:01:11]} Kxg7 {[%emt 0:01:05]} 17. Ne2 {[%emt 0:02:01]} b6 {[%emt 0:02:28]} 18. b4 {[%emt 0:02:09]} h6 {[%emt 0:03:00]} 19. Qb2 {[%emt 0:03:19]} Ng5 {[%emt 0:02:35]} 20. Nxg5 $11 {[%emt 0:01:34]} hxg5 {[%emt 0:00:05]} 21. Qd2 {[%emt 0:00:33]} g4 {[%emt 0:00:13]} 22. hxg4 {[%emt 0:01:27]} Bxg4 {[%emt 0:01:55]} 23. f3 {[%emt 0:00:19]} Be6 {[%emt 0:00:25]} 24. Kf2 {[%emt 0:00:13]} Rh8 {[%emt 0:00:10]} 25. Rh1 {[%emt 0:00:08]} Qe7 {[%emt 0:00:56]} 26. b5 {[%emt 0:00:54]} c5 {[%emt 0:04:41]} 27. d5 {[%emt 0:04:27]} 1/2-1/2

[Event "URU-ch Semi Final 2020"]
[Site "Montevideo"]
[Date "2020.02.22"]
[Round "3.19"]
[White "Blanco, Rudemar Ernesto"]
[Black "Osinaga, Eduardo"]
[Result "1/2-1/2"]
[WhiteElo "1470"]
[BlackElo "1697"]
[Annotator "NA RC"]
[PlyCount "83"]
[EventDate "2020.02.22"]
[EventType "swiss"]
[EventCountry "URU"]
[SourceTitle "playchess.com"]
[Source "ChessBase"]
[SourceQuality "1"]
[TimeControl "5400+30"]

1. d4 {[%emt 0:00:00]} Nf6 {[%emt 0:06:34]} 2. Bf4 {[%emt 0:00:00]} e6 {[%emt 0:00:41]} 3. e3 {[%emt 0:00:48]} d5 {[%emt 0:00:42]} 4. Nd2 {[%emt 0:01:16]} Bd6 {[%emt 0:00:46]} 5. Bxd6 {[%emt 0:01:27]} Qxd6 {[%emt 0:00:36]} 6. f4 {[%emt 0:02:12]} Ne4 {[%emt 0:03:01]} 7. Bd3 {[%emt 0:01:03]} f5 {[%emt 0:00:12]} 8. Qh5+ {[%emt 0:02:14]} g6 {[%emt 0:01:23]} 9. Qh4 {[%emt 0:01:17]} Qb4 {[%emt 0:04:28]} 10. O-O-O {[%emt 0:02:18]} Nd7 {[%emt 0:02:56]} 11. Nxe4 {[%emt 0:02:19]} dxe4 {[%emt 0:00:26]} 12. Bf1 {[%emt 0:01:03]} O-O {[%emt 0:03:22]} 13. Ne2 {[%emt 0:09:10]} Nf6 {[%emt 0:02:19]} 14. Nc3 {[%emt 0:01:52]} c6 {[%emt 0:02:38]} 15. Be2 {[%emt 0:02:08]} Nd5 {[%emt 0:04:49]} 16. Nxd5 {[%emt 0:01:06]} cxd5 {[%emt 0:00:09]} 17. Qe1 {[%emt 0:01:08]} Qd6 {[%emt 0:03:13]} 18. Kb1 {[%emt 0:01:48]} Bd7 {[%emt 0:00:27]} 19. c4 {[%emt 0:00:44]} dxc4 {[%emt 0:00:57]} 20. Bxc4 {[%emt 0:00:27]} b5 {[%emt 0:00:17]} 21. Be2 {[%emt 0:00:49]} a5 {[%emt 0:00:40]} 22. Rc1 {[%emt 0:01:07]} b4 {[%emt 0:01:07]} 23. Rc5 {[%emt 0:02:00]} Rfc8 {[%emt 0:01:22]} 24. Rxc8+ {[%emt 0:00:14]} Rxc8 25. Qd2 Qb6 {[%emt 0:04:41]} 26. Rc1 {[%emt 0:01:32]} Kf7 {[%emt 0:09:27]} 27. Rxc8 {[%emt 0:02:02]} Bxc8 {[%emt 0:02:39]} 28. Qc2 {[%emt 0:00:21]} Bd7 {[%emt 0:03:14]} 29. g3 {[%emt 0:03:36]} Kf6 {[%emt 0:01:15]} 30. b3 {[%emt 0:02:44]} Bb5 {[%emt 0:02:25]} 31. Qc8 {[%emt 0:09:13]} Kg7 {[%emt 0:02:58]} 32. Bc4 {[%emt 0:02:51]} Bxc4 {[%emt 0:02:47]} 33. Qxc4 {[%emt 0:00:18]} Qd6 {[%emt 0:02:22]} 34. Qe2 {[%emt 0:04:53]} Qc6 {[%emt 0:01:14]} 35. Qc2 {[%emt 0:00:35]} Qxc2+ {[%emt 0:01:01]} 36. Kxc2 {[%emt 0:00:07]} Kh6 {[%emt 0:00:11]} 37. Kd2 {[%emt 0:00:58]} g5 {[%emt 0:01:28]} 38. Ke2 {[%emt 0:02:41]} gxf4 {[%emt 0:00:22]} 39. gxf4 {[%emt 0:00:33]} Kh5 40. Kf2 Kg4 {[%emt 0:03:44]} 41. Kg2 {[%emt 0:02:55]} Kh4 {[%emt 0:01:25]} 42. h3 1/2-1/2

[Event "URU-ch Semi Final 2020"]
[Site "Montevideo"]
[Date "2020.02.22"]
[Round "3.20"]
[White "Lima Abadal, Nicolas"]
[Black "Zaruski, Julio"]
[Result "0-1"]
[WhiteElo "1646"]
[BlackElo "1822"]
[Annotator "NA RC"]
[PlyCount "87"]
[EventDate "2020.02.22"]
[EventType "swiss"]
[EventCountry "URU"]
[SourceTitle "playchess.com"]
[Source "ChessBase"]
[SourceQuality "1"]
[TimeControl "5400+30"]

{[%evp 12,87,12,11,38,32767,32767,32767,32767,32767,32767,0,0,5,7,4,32767,32767,32767,-283,-258,-375,-363,-376,-407,-409,-380,-379,-394,-394,-399,-430,-457,-439,-364,-359,32767,32767,32767,-775,-597,-556,-593,-586,-613,-650,-556,-593,-579,-533,-581,-595,-600,-620,-634,-639,-713,-1848,-584,-755,-762,-752,-882,-1127,-6563,-29982,32767,-29975,32767,-861,-1038,-772,-793,-5731,-12831,-1146,-29971,-29974]} 1. e4 {[%emt 0:00:00]} c5 {[%emt 0:00:00]} 2. Nf3 {[%emt 0:00:00]} d6 {[%emt 0:00:00]} 3. d4 {[%emt 0:00:07]} cxd4 {[%emt 0:00:00]} 4. Nxd4 {[%emt 0:00:13]} Nf6 {[%emt 0:00:00]} 5. Nc3 {[%emt 0:00:15]} a6 {[%emt 0:00:01]} 6. Bg5 {[%emt 0:00:50]} e6 {[%emt 0:00:10]} 7. f4 {[%emt 0:00:39]} Be7 {[%emt 0:00:10]} 8. Qf3 {[%emt 0:02:25]} Qc7 {[%emt 0:01:12]} 9. O-O-O {[%emt 0:00:18]} h6 {[%emt 0:00:55]} 10. Bh4 {[%emt 0:02:01]} Nbd7 {[%emt 0:01:51]} 11. g4 {[%emt 0:17:24]} g5 {[%emt 0:08:13]} 12. fxg5 {[%emt 0:03:37]} Ne5 {[%emt 0:00:09]} 13. Qg3 $1 {[%emt 0:02:36] B99: Sicilian Najdorf: 6 Bg5 e6 7 f4 Be7 8 Qf3 Qc7 9 0-0-0 Nbd7.} Nfxg4 {[%emt 0:01:11] [#]} 14. Qf4 $146 {[%emt 0:09:58]} ({Predecessor:} 14. gxh6 Bxh4 15. Qxh4 Qe7 16. Qg3 Qf6 17. Kb1 Qf2 18. Rg1 Qxg3 19. Rxg3 Rxh6 20. h3 Nf6 {0-1 (35) Brazdzionis,A (2322)-Wang,T (2396) Tarvisio 2017}) 14... hxg5 {[%emt 0:01:27]} 15. Bxg5 {[%emt 0:00:20] [#]} f6 $1 {[%emt 0:07:56]} 16. Bxf6 {[%emt 0:20:44]} (16. Bh4 $142 Rxh4 17. Qg3) 16... Nxf6 {[%emt 0:00:39]} 17. Be2 {[%emt 0:04:14]} Bd7 {[%emt 0:00:13]} 18. Rhg1 {[%emt 0:03:30]} O-O-O {[%emt 0:04:57]} 19. Rg7 {[%emt 0:00:05]} Ng8 {[%emt 0:17:00]} 20. Rf1 {[%emt 0:03:58]} Qb6 {[%emt 0:09:00]} 21. Nf3 {[%emt 0:06:30]} Rf8 {[%emt 0:07:40]} 22. Qg3 {[%emt 0:00:35]} Qe3+ {[%emt 0:01:58]} 23. Kb1 {[%emt 0:03:40]} Nxf3 {[%emt 0:14:38]} 24. Rxf3 {[%emt 0:02:04]} Rxf3 {[%emt 0:01:27]} 25. Rxg8+ $2 {[%emt 0:00:44]} (25. Bxf3 Bd8 26. e5 (26. Qxd6 $2 Nf6 $19) 26... Qxe5 27. Rxg8 Qxg3 28. Rxg3) 25... Kc7 {[%emt 0:00:26]} 26. Bxf3 {[%emt 0:02:02]} Rxg8 {[%emt 0:00:09]} 27. Qxg8 {[%emt 0:01:06]} Qxf3 {[%emt 0:00:05]} 28. a3 {[%emt 0:00:58]} Qh1+ {[%emt 0:00:37]} 29. Ka2 {[%emt 0:00:08]} Qxh2 {[%emt 0:00:06]} 30. Qg7 {[%emt 0:00:51]} Bd8 {[%emt 0:01:57]} 31. Kb3 {[%emt 0:00:44]} Qe5 {[%emt 0:00:08]} 32. Qg1 {[%emt 0:02:29]} Qc5 {[%emt 0:00:29]} 33. Qg3 {[%emt 0:00:48]} Bf6 {[%emt 0:01:29]} 34. Qf3 {[%emt 0:01:11]} Bxc3 {[%emt 0:02:16]} 35. bxc3 {[%emt 0:00:03]} Kb6 {[%emt 0:01:24]} 36. Qf8 {[%emt 0:03:01]} Bc6 {[%emt 0:01:37]} 37. Qd8+ {[%emt 0:01:25]} Ka7 {[%emt 0:00:07]} 38. Qh4 {[%emt 0:00:07]} Qb5+ {[%emt 0:03:00]} 39. Ka2 {[%emt 0:00:09]} Qc4+ {[%emt 0:00:06]} 40. Kb2 {[%emt 0:00:48]} Bxe4 {[%emt 0:00:50]} 41. Qf2+ {[%emt 0:00:23]} Qc5 {[%emt 0:00:04]} 42. Qf6 {[%emt 0:01:29]} Bd5 {[%emt 0:00:19]} 43. Qe7 {[%emt 0:00:21]} e5 {[%emt 0:00:30]} 44. Qe8 0-1

[Event "URU-ch Semi Final 2020"]
[Site "Montevideo"]
[Date "2020.02.22"]
[Round "3.21"]
[White "Bon, Charles"]
[Black "Campora, Edgardo"]
[Result "0-1"]
[WhiteElo "1614"]
[BlackElo "1676"]
[Annotator "NA RC"]
[PlyCount "86"]
[EventDate "2020.02.22"]
[EventType "swiss"]
[EventCountry "URU"]
[SourceTitle "playchess.com"]
[Source "ChessBase"]
[SourceQuality "1"]
[TimeControl "5400+30"]

1. e4 {[%emt 0:00:00]} g6 {[%emt 0:00:03]} 2. d4 {[%emt 0:00:06]} Bg7 {[%emt 0:00:07]} 3. Nc3 {[%emt 0:00:37]} d6 {[%emt 0:00:18]} 4. Bg5 {[%emt 0:00:52]} h6 {[%emt 0:00:53]} 5. Bf4 {[%emt 0:01:20]} a6 {[%emt 0:00:47]} 6. Qd2 {[%emt 0:00:28]} Nd7 {[%emt 0:02:21]} 7. O-O-O {[%emt 0:03:58]} e6 {[%emt 0:00:57]} 8. Kb1 {[%emt 0:04:12]} b5 {[%emt 0:00:18]} 9. e5 {[%emt 0:02:37]} d5 {[%emt 0:00:51]} 10. h4 {[%emt 0:01:44]} Bb7 {[%emt 0:05:37]} 11. h5 {[%emt 0:05:57]} g5 {[%emt 0:03:05]} 12. Be3 {[%emt 0:00:11]} Ne7 {[%emt 0:00:51]} 13. g4 {[%emt 0:03:12]} Nb6 {[%emt 0:07:07]} 14. f4 {[%emt 0:02:03]} Nc4 {[%emt 0:04:11]} 15. Bxc4 {[%emt 0:05:06]} dxc4 {[%emt 0:00:42]} 16. Rh2 {[%emt 0:00:56]} gxf4 {[%emt 0:02:30]} 17. Bxf4 {[%emt 0:00:24]} Nd5 {[%emt 0:00:08]} 18. Nxd5 {[%emt 0:05:32]} Qxd5 {[%emt 0:01:04]} 19. g5 {[%emt 0:00:50]} hxg5 {[%emt 0:01:21]} 20. Bxg5 {[%emt 0:00:25]} Bf8 {[%emt 0:03:34]} 21. Qf2 {[%emt 0:17:07]} Qd7 {[%emt 0:08:18]} 22. Ne2 {[%emt 0:02:26]} Be7 {[%emt 0:04:03]} 23. Bf6 {[%emt 0:01:32]} Rh7 {[%emt 0:00:35]} 24. h6 {[%emt 0:02:10]} O-O-O {[%emt 0:04:55]} 25. Rg1 {[%emt 0:01:38]} Bxf6 {[%emt 0:02:48]} 26. Qxf6 {[%emt 0:01:12]} Be4 {[%emt 0:00:56]} 27. Rg7 {[%emt 0:04:34]} Rdh8 {[%emt 0:00:56]} 28. Rxh7 {[%emt 0:06:52]} Rxh7 {[%emt 0:00:08]} 29. Qf4 {[%emt 0:01:34]} Bg6 {[%emt 0:00:42]} 30. Qf3 {[%emt 0:02:38]} Kb8 {[%emt 0:02:19]} 31. Kc1 {[%emt 0:00:47]} Qe7 {[%emt 0:02:02]} 32. Qf4 {[%emt 0:04:27]} Qb4 {[%emt 0:01:29]} 33. Qd2 {[%emt 0:00:56]} Qa4 {[%emt 0:05:21]} 34. Nc3 {[%emt 0:01:20]} Qa5 {[%emt 0:00:44]} 35. Kb1 {[%emt 0:03:04]} b4 {[%emt 0:03:20]} 36. Ne2 {[%emt 0:00:20]} Qb5 {[%emt 0:03:03]} 37. Nf4 {[%emt 0:08:03]} Bf5 {[%emt 0:02:28]} 38. d5 {[%emt 0:01:03]} b3 {[%emt 0:04:37]} 39. dxe6 {[%emt 0:01:48]} fxe6 {[%emt 0:02:33]} 40. axb3 {[%emt 0:02:59]} cxb3 {[%emt 0:00:08]} 41. Qe2 {[%emt 0:01:32]} Bxc2+ {[%emt 0:01:14]} 42. Kc1 {[%emt 0:00:16]} Qc6 {[%emt 0:01:29]} 43. Qf2 {[%emt 0:01:59]} Rd7 {[%emt 0:00:27]} 0-1

[Event "URU-ch Semi Final 2020"]
[Site "Montevideo"]
[Date "2020.02.22"]
[Round "3.22"]
[White "Nakle, Gonzalo"]
[Black "Belbey, Juan"]
[Result "0-1"]
[WhiteElo "1675"]
[BlackElo "1611"]
[Annotator "NA RC"]
[PlyCount "120"]
[EventDate "2020.02.22"]
[EventType "swiss"]
[EventCountry "URU"]
[SourceTitle "playchess.com"]
[Source "ChessBase"]
[SourceQuality "1"]
[TimeControl "5400+30"]

1. d4 d5 2. c4 c6 3. Nf3 Nf6 4. g3 Bf5 5. Bg2 {[%emt 0:01:26]} e6 {[%emt 0:01:16]} 6. Nc3 {[%emt 0:00:08]} Bd6 {[%emt 0:00:20]} 7. O-O {[%emt 0:00:30]} Nbd7 {[%emt 0:00:25]} 8. c5 {[%emt 0:00:52]} Bc7 {[%emt 0:00:08]} 9. b4 {[%emt 0:00:43]} e5 {[%emt 0:00:48]} 10. dxe5 {[%emt 0:00:22]} Nxe5 {[%emt 0:00:08]} 11. Nd4 {[%emt 0:00:07]} Bc8 {[%emt 0:01:04]} 12. b5 {[%emt 0:00:21]} O-O {[%emt 0:00:27]} 13. f4 {[%emt 0:00:31]} Neg4 {[%emt 0:00:36]} 14. h3 {[%emt 0:00:05]} Nh6 {[%emt 0:00:29]} 15. bxc6 {[%emt 0:00:06]} bxc6 {[%emt 0:00:28]} 16. Nxc6 {[%emt 0:00:12]} Qe8 {[%emt 0:00:44]} 17. Nxd5 {[%emt 0:00:13]} Nxd5 {[%emt 0:00:30]} 18. Qxd5 {[%emt 0:00:24]} Be6 {[%emt 0:00:41]} 19. Qf3 {[%emt 0:00:23]} Nf5 {[%emt 0:01:23]} 20. Bb2 {[%emt 0:00:46]} f6 {[%emt 0:00:37]} 21. Nd4 {[%emt 0:00:29]} Nxd4 {[%emt 0:00:36]} 22. Bxd4 {[%emt 0:00:03]} Rd8 {[%emt 0:00:17]} 23. e3 {[%emt 0:00:32]} Bd5 {[%emt 0:00:44]} 24. Qf2 {[%emt 0:01:09]} Qe6 {[%emt 0:01:00]} 25. Bxd5 {[%emt 0:00:50]} Rxd5 {[%emt 0:00:10]} 26. Kg2 {[%emt 0:00:25]} h5 {[%emt 0:01:02]} 27. a4 {[%emt 0:00:05]} Rb8 {[%emt 0:00:37]} 28. Rfb1 {[%emt 0:00:26]} Rxb1 {[%emt 0:00:30]} 29. Rxb1 {[%emt 0:00:25]} Rxd4 {[%emt 0:00:10]} 30. Rb7 Qe4+ {[%emt 0:00:15]} 31. Kh2 {[%emt 0:01:53]} Rd1 {[%emt 0:00:05]} 32. Qg2 {[%emt 0:00:28]} Qxe3 {[%emt 0:00:50]} 33. Qa2+ {[%emt 0:01:00]} Kh8 {[%emt 0:00:17]} 34. Qg2 {[%emt 0:02:30]} Rd2 {[%emt 0:00:35]} 35. Rxc7 {[%emt 0:00:06]} Rxg2+ {[%emt 0:00:14]} 36. Kxg2 {[%emt 0:00:06]} Qe4+ {[%emt 0:00:10]} 37. Kf2 {[%emt 0:00:03]} Qc2+ {[%emt 0:00:23]} 38. Ke3 {[%emt 0:00:15]} Qb3+ {[%emt 0:00:28]} 39. Kd4 {[%emt 0:00:12]} Qxa4+ {[%emt 0:00:12]} 40. Kd5 {[%emt 0:00:05]} f5 {[%emt 0:01:00]} 41. Kd6 {[%emt 0:00:08]} Qd4+ {[%emt 0:00:44]} 42. Kc6 h4 {[%emt 0:00:24]} 43. gxh4 {[%emt 0:01:07]} Qxf4 {[%emt 0:00:21]} 44. Rxa7 {[%emt 0:00:11]} Qxh4 {[%emt 0:00:18]} 45. Kb6 {[%emt 0:00:14]} Qb4+ {[%emt 0:00:09]} 46. Kc6 {[%emt 0:00:09]} f4 {[%emt 0:00:10]} 47. Ra8+ {[%emt 0:00:37]} Kh7 {[%emt 0:00:06]} 48. Rf8 {[%emt 0:00:06]} f3 {[%emt 0:00:14]} 49. Kd6 {[%emt 0:00:13]} f2 {[%emt 0:00:09]} 50. Kd5 {[%emt 0:02:12]} Qd2+ {[%emt 0:00:16]} 51. Ke6 {[%emt 0:01:34]} Qe2+ {[%emt 0:00:09]} 52. Kd7 {[%emt 0:00:05]} f1=Q {[%emt 0:00:06]} 53. Rxf1 {[%emt 0:00:06]} Qxf1 {[%emt 0:00:06]} 54. h4 {[%emt 0:00:07]} Qc4 {[%emt 0:00:25]} 55. c6 {[%emt 0:00:06]} Qd5+ {[%emt 0:00:18]} 56. Kc7 {[%emt 0:00:04]} Kg6 {[%emt 0:00:22]} 57. h5+ {[%emt 0:00:03]} Kf6 {[%emt 0:00:49]} 58. Kb7 {[%emt 0:00:07]} Qb5+ {[%emt 0:00:24]} 59. Kc7 {[%emt 0:00:12]} Ke7 {[%emt 0:01:16]} 60. h6 gxh6 {[%emt 0:00:19]} 0-1